| 000 | 00805nas a2200265 4500 | ||
|---|---|---|---|
| 001 | BR2014003472 | ||
| 003 | BR-BrBNA | ||
| 005 | 20231205124106.0 | ||
| 007 | ta | ||
| 008 | 230509b bl.|||p| |||| 00| 00por d | ||
| 040 |
_aBR-BrBNA _bpor _cBiblioteca Nacional de Agricultura |
||
| 041 | _a(Pt) | ||
| 072 | _aQ02 | ||
| 100 | 1 | _aHauly, M.C. de O. | |
| 100 | 1 | _aRabassi, J.R. | |
| 100 | 1 | _aDoi, S.M.O. | |
| 100 | 1 | _aPereira, G.V. | |
| 245 | 1 | _aOtimização da extração dos tocoferóis a partir do destilado da desodorização do óleo de soja | |
| 650 | _aÓLEO | ||
| 650 | _aTOCOFEROL | ||
| 650 | _aPROPRIEDADE ORGANOLEPTICA | ||
| 773 | 0 |
_tSemina (Brazil) _xISSN 0101-3742 _g(Jun 1999), v. 20/21(2) p. 25-31 _wBR2014003472 |
|
| 909 |
_a202311 _bLúcia _c55 _dLúcia Elande |
||
| 942 |
_2AGRIS _n0 _cANA |
||
| 999 |
_c237254 _d237254 |
||